| 000 | 00657nam a22002057a 4500 | ||
|---|---|---|---|
| 005 | 20100807124927.0 | ||
| 010 | _aENG-98895 | ||
| 020 | _c30.00 | ||
| 035 | _aEN-82427 | ||
| 037 | _bDBAD/PUB | ||
| 082 | _a401 | ||
| 100 |
_aSaravanan, S. _98451 |
||
| 245 |
_aIncrease your reading speed / _cby S.Saravanan |
||
| 260 |
_aChennai _bSri Kandan Publishers _c2007 |
||
| 270 |
_a2/142, Mugappair West, _bChennai _e600037 |
||
| 300 |
_a80p. _c21cm (pbk) |
||
| 500 | _aincludes bibliographical references | ||
| 942 |
_2ddc _cEN _h401 _mSAR |
||
| 999 |
_c40042 _d40042 |
||